000 00593 a2200145 4500
999 _c10690
_d10690
050 _aJC599 ZIM 2017
110 _aZimbabwe Human Rights Commission (ZHRC)
245 _aZimbabwe human rights commission for human dignity :
_bprotecting, promoting and enforcing human rights and fundamental freedoms : 2017 Annual Report.
264 _aHarare :
_bZimbabwe Human Rights Commission,
_c2017
300 _a57 pages.
_bcolour illustrations
500 _aAnnual reports
650 _aHuman rights
_xZimbabwe
650 _aHuman rights -- Annual reports
_xZimbabwe
942 _2lcc
_cSERIALS
_h599
_iZIM
_kJC